Η θεωρία του Jean Piaget και η προσχολική αγωγή

Αποθηκεύτηκε σε:
Λεπτομέρειες βιβλιογραφικής εγγραφής
Κύριος συγγραφέας: Kamii, Constance
Άλλοι συγγραφείς: DeVries, Rheta, Βασιλειάδου, Έλλη (trlf)
Μορφή: Βιβλίο
Γλώσσα:Greek
French
Δημοσίευση: [Αθήνα] : Δίπτυχο, [1979].
Σειρά:Βιβλιοθήκη προσχολικής αγωγής
Θέματα:
Ετικέτες: Προσθήκη ετικέτας
Δεν υπάρχουν, Καταχωρήστε ετικέτα πρώτοι!

MARC

LEADER 00000cam a2200000 i 4500
001 1/84569
008 960627s1979 gr | ||| |||| ||gre||
035 |a 1987  |c Αγορά  |l 10034473 
040 |a GR-MY-UA  |b gre  |e aacr 
041 1 |a gre  |h fre 
082 7 |a 155.413   |2 (22) 
100 1 |a Kamii, Constance. 
245 1 2 |a Η θεωρία του Jean Piaget και η προσχολική αγωγή /   |c Constance Kamii, Rheta Devries ; μετάφραση: Βασιλειάδου Έλλη.  
260 |a [Αθήνα] :   |b Δίπτυχο,   |c [1979].  
300 |a 148 σ. ;   |c 21εκ.  
490 1 |a (Βιβλιοθήκη προσχολικής αγωγής) 
500 |a Τίτλος πρωτοτύπου: La theorie de Piaget et l'education prescolaire.  
600 1 0 |a Piaget, Jean,   |d 1896-1980. 
650 0 0 |a Educational psychology. 
650 0 0 |a Education, Preschool. 
650 0 0 |a Education of children. 
700 1 |a DeVries, Rheta. 
700 1 |a Βασιλειάδου, Έλλη,  |e trlf 
830 0 |a Βιβλιοθήκη προσχολικής αγωγής 
852 |a INST  |b RHODES  |e 19960627  |h 155.413 KAM  |p 005400007748  |q 005400007748  |t BK  |y 0 
852 |a INST  |b RHODES  |e 20040218  |h 155.413 KAM  |p 005400019672  |q 005400019672  |t BK  |y 0 
852 |a INST  |b RHODES  |c AKA  |e 20220926  |h 155.413 KAM  |p 005400043075  |q 005400043075  |t BK  |y 0 
909 |a Ρ  |b 006224 
909 |a Ρ  |b 105136 
970 |a ΚΟΥΛΑΚΙΟΤΗ  |b ΛΙΤΣΑ  |z 2004/02/18